000 00606nam a2200193Ia 4500
005 20260114185701.0
008 008 260114s9999 xx 000 0 eng d
020 _a9781472599223
037 _aEBOOK
040 _aCRL
_beng
_cCRL
041 _aeng
_2eng
084 _qCRL
100 _aMarilyn Dunn
_9873107
245 4 _aThe Christianization of the Anglo-Saxons c.597-c.700 Discourses of Life, Death and Afterlife
260 _bBloomsbury
_c2009
856 _uhttps://doi.org/10.5040/9781472599223?locatt=label:secondary_bloomsburyCollections
942 _cEBOOK
999 _c1472055
_d1472055